000 00650nam a2200265Ia 4500
003 OSt
005 20221006150149.0
006 a|||||r|||| 00| 0
007 ta
008 221006b |||||||| |||| 00| 0 eng d
020 _c
_1.95
024 _a17,345
037 _cTextual
040 _aEASL
_cEASL
_beng
041 _2eng
_aeng
082 _az4aN64, K6
100 _aPEARSON J D
_943003
245 0 _aOriental and Asian bibliography
260 _aHamden
_bAschon Books
_c1966
300 _a336p.
_ccm.
490 _v BB
650 _aGen
942 _hz4aN64, K6
_cTEXL
_2CC
999 _c1085431
_d1085431